000 00842cam a2200217 a 4500
001 w 34000002
003 DLC
005 20260227112808.0
008 120510s1934 pauaf 000 0 eng c
010 _aw 34000002
040 _aD.C. Public Libr.
_cDLC
_dDLC
050 0 0 _aPR6023.U24
_bS35 1934
100 1 _aLucas, E. V.
_q(Edward Verrall),
_d1868-1938
245 1 0 _aSaunterer's rewards /
_cby E.V. Lucas.
260 _aPhiladelphia :
_bJ.B. Lippincott,
_c1934.
300 _aviii, 211 p., [1] leaf of plates :
_b1 ill. ;
_c17 cm.
500 _a"The essays and stories in this volume are reprinted, with additions, from Punch and the Sunday Times"--P. 211.
500 _aLC copy in dust jacket.
_5DLC
561 _5DLC
710 2 _aOliver Wendell Holmes Collection (Library of Congress)
_5DLC
999 _c92082
_d92082